[Event "World Blitz"]
[Site "Moscow RUS"]
[Date "2007.11.22"]
[Round "27"]
[White "Bacrot,E"]
[Black "Morozevich,A"]
[Result "0-1"]
[WhiteElo "2695"]
[BlackElo "2755"]

1.d4 d5 2.Nf3 Nf6 3.c4 c6 4.Nc3 dxc4 5.a4 Bf5 6.e3 e6 7.Bxc4 Bb4 8.O-O Nbd7
9.Qe2 Bg4 10.h3 Bh5 11.Rd1 O-O 12.e4 Re8 13.e5 Nd5 14.Ne4 Be7 15.Ng3 Bg6
16.a5 b5 17.axb6 axb6 18.Rxa8 Qxa8 19.h4 h6 20.h5 Bh7 21.Nh2 c5 22.Bb5 Rd8
23.Ng4 Bf8 24.Ne4 Nc7 25.Bd3 Kh8 26.Nd6 Bxd6 27.exd6 Nd5 28.Bxh7 Kxh7 29.Nxh6 gxh6
30.Qd2 Rh8 31.Qxh6+ Kg8 32.Qg5+ Kf8 33.dxc5 Rg8 34.Qh4 f6 35.h6 Ne3 36.f3 Qxf3  0-1

[Event "World Blitz"]
[Site "Moscow RUS"]
[Date "2007.11.22"]
[Round "30"]
[White "Morozevich,A"]
[Black "Mamedyarov,S"]
[Result "1/2-1/2"]
[WhiteElo "2755"]
[BlackElo "2752"]

1.c4 Nf6 2.Nc3 d5 3.cxd5 Nxd5 4.Nf3 g6 5.h4 h5 6.e4 Nxc3 7.bxc3 Bg7 8.d4 c5
9.Be3 Nc6 10.Qd2 Bg4 11.d5 Qa5 12.Rc1 Rd8 13.Ng5 O-O 14.f3 Bc8 15.Bc4 e6
16.Bb3 exd5 17.Bxd5 c4 18.O-O Ne7 19.Rfd1 Nxd5 20.exd5 Bf5 21.Ne4 Rfe8 22.Bg5 Rd7
23.Nf6+ Bxf6 24.Bxf6 Rd6 25.Bd4 f6 26.Qf4 Red8 27.Re1 Qxd5 28.Re7 Re6 29.Rc7 Rde8
30.Qh6 R6e7 31.Rxe7 Rxe7 32.Bxf6 Rh7 33.Bd4 Re7 34.Bf6 Rh7 35.Qf4 Rf7 36.Bd4 Re7
37.Qb8+ Kf7 38.Qh8 a6 39.a4 Qd6 40.Qg7+ Ke8 41.Qg8+ Kd7 42.Qxc4 Qg3 43.Bf2 Qd6
44.Qb3 Kc7 45.Rd1 Qe6 46.Bg3+ Kc8 47.Qb4 b6 48.Bf2 Rd7 49.Re1 Qd6 50.Qxb6 Qxb6
51.Bxb6 Rd2 52.a5 Rc2 53.Bd4 Ra2 54.Re5 Kd7 55.Rc5 Bd3 56.Rg5 Bf5 57.g4 hxg4
58.fxg4 Be4 59.Kf1 Bd3+ 60.Ke1 Re2+ 61.Kd1 Rg2 62.Be3 Be2+ 63.Ke1 Bxg4 64.Rxg6 Re2+
65.Kf1 Rxe3 66.Rxg4 Rxc3 67.h5 Rc5 68.Rh4 Rxa5 69.h6 Rf5+  1/2-1/2

[Event "World Blitz"]
[Site "Moscow RUS"]
[Date "2007.11.22"]
[Round "31"]
[White "Gelfand,B"]
[Black "Morozevich,A"]
[Result "0-1"]
[WhiteElo "2736"]
[BlackElo "2755"]

1.d4 d5 2.c4 c6 3.Nc3 Nf6 4.Nf3 dxc4 5.a4 Bf5 6.e3 e6 7.Bxc4 Bb4 8.O-O Nbd7
9.Qe2 Bg4 10.h3 Bh5 11.Rd1 O-O 12.e4 Re8 13.Bf4 Qa5 14.Rac1 e5 15.dxe5 Bxf3
16.gxf3 Nxe5 17.Bb3 Re7 18.Bg3 Ng6 19.Na2 Nh5 20.Nxb4 Nxg3 21.fxg3 Qxb4 22.Qc4 Qb6+
23.Kg2 Rae8 24.Qc3 a5 25.Rd6 Nf8 26.Rcd1 h6 27.Bc2 Ne6 28.f4 Nc5 29.e5 Qb4
30.Qxb4 axb4 31.R1d4 b3 32.Bd1 Ra8 33.Rd8+ Re8 34.Rc4 Raxd8 35.Rxc5 Rxd1
36.a5 Rd2+ 37.Kf3 Rxb2 38.a6 bxa6 39.Rxc6 a5 40.f5 a4 41.Ra6 Ra2 42.Ra8 Kh7
43.e6 fxe6 44.fxe6 b2 45.Rb8 Ra3+ 46.Kf2 Rb3 47.Rxb3 axb3 48.e7 b1=Q 49.Kf3 Qc2  0-1

[Event "World Blitz"]
[Site "Moscow RUS"]
[Date "2007.11.22"]
[Round "33"]
[White "Ivanchuk,V"]
[Black "Morozevich,A"]
[Result "1-0"]
[WhiteElo "2787"]
[BlackElo "2755"]

1.d4 d5 2.c4 c6 3.Nf3 Nf6 4.Nc3 dxc4 5.a4 Bf5 6.e3 e6 7.Bxc4 Bb4 8.O-O Nbd7
9.Nh4 Bg4 10.f3 Bh5 11.g4 Nd5 12.Ng2 Bg6 13.Na2 Be7 14.e4 N5b6 15.Bb3 a5
16.Nc3 O-O 17.f4 h6 18.f5 exf5 19.gxf5 Bh7 20.Nf4 Kh8 21.Be3 Bg5 22.Qf3 Qe7
23.Rae1 Qb4 24.Qd1 Rad8 25.Qc2 Nf6 26.Kh1 Rxd4 27.Bxd4 Qxd4 28.Rd1 Qe3 29.Rd3 Qc5
30.Rdf3 Nbd7 31.Nd3 Qd4 32.Qe2 Ng4 33.Rg3 Nge5 34.Rd1 Qb6 35.Ba2 Bf6 36.Nf4 Bg5
37.Nh3 Bf6 38.Nf4 Bh4 39.Rg2 Nf6 40.Nd3 Qc7 41.Qe3 Rd8 42.Qf4 Rxd3 43.Rxd3 Bg5
44.Rd8+ Qxd8 45.Qxe5 Bg8 46.Qc5 Nd7 47.Qf2 Ne5 48.Rg1 Qd3 49.Rd1 Qh3 50.Qg2 Qh4
51.h3 Bf6 52.Ne2 b5 53.axb5 cxb5  1-0

[Event "World Blitz"]
[Site "Moscow RUS"]
[Date "2007.11.22"]
[Round "34"]
[White "Morozevich,A"]
[Black "Carlsen,M"]
[Result "1-0"]
[WhiteElo "2755"]
[BlackElo "2714"]

1.e4 c5 2.Nf3 Nc6 3.d4 cxd4 4.Nxd4 Nf6 5.Nc3 e5 6.Ndb5 d6 7.Bg5 a6 8.Na3 b5
9.Nd5 Be7 10.Bxf6 Bxf6 11.c4 b4 12.Nc2 a5 13.Qf3 Bg5 14.h4 Bh6 15.g4 f6 16.Rg1 O-O
17.Qg3 g6 18.g5 fxg5 19.hxg5 Bg7 20.O-O-O a4 21.c5 b3 22.axb3 axb3 23.Qxb3 Be6
24.Bh3 Bf7 25.Qb6 Qxb6 26.Nxb6 dxc5 27.Nxa8 Rxa8 28.Rg3 Nd4 29.Ra3 Rb8 30.Bg4 h5
31.gxh6 Bxh6+ 32.Kb1 Bb3 33.Nxd4 Bxd1 34.Nc6 Bxg4 35.Nxb8 Bf4 36.Rc3 Be2
37.b3 Bd2 38.Rxc5 Bd3+ 39.Kb2 Bf4 40.Nd7 Bxe4 41.Nf6+  1-0

[Event "World Blitz"]
[Site "Moscow RUS"]
[Date "2007.11.22"]
[Round "36"]
[White "Shirov,A"]
[Black "Morozevich,A"]
[Result "1-0"]
[WhiteElo "2739"]
[BlackElo "2755"]

1.e4 e5 2.Nf3 Nc6 3.Bb5 a6 4.Ba4 b5 5.Bb3 Na5 6.O-O d6 7.d4 exd4 8.Qxd4 Bb7
9.c4 c5 10.Qd3 Nf6 11.Nc3 Be7 12.cxb5 O-O 13.Ba4 Qb6 14.Bg5 h6 15.Bh4 Rfb8
16.Bc2 axb5 17.e5 dxe5 18.Bxf6 Bxf6 19.Qh7+ Kf8 20.Rfe1 Bxf3 21.gxf3 Rd8
22.f4 g6 23.fxe5 Bg7 24.e6 Rd4 25.e7+ Ke8  1-0

[Event "World Blitz"]
[Site "Moscow RUS"]
[Date "2007.11.22"]
[Round "37"]
[White "Morozevich,A"]
[Black "Leko,P"]
[Result "1-0"]
[WhiteElo "2755"]
[BlackElo "2755"]

1.d4 Nf6 2.c4 e6 3.Nc3 Bb4 4.Qc2 O-O 5.e4 d5 6.e5 Ne4 7.Bd3 c5 8.Ne2 cxd4
9.Nxd4 Nd7 10.Bf4 Ndc5 11.O-O Nxd3 12.Qxd3 Nxc3 13.bxc3 Be7 14.Rad1 Qa5 15.cxd5 exd5
16.Qg3 Re8 17.Rd3 Bd7 18.Re3 Bf8 19.Qh4 Rac8 20.Rg3 Qxa2 21.Bh6 Kh8 22.Qg5 g6
23.Bxf8 Rxf8 24.h4 Qa6 25.h5 Rce8 26.e6 Rxe6 27.Nxe6 Qxe6 28.Re3 Qf5 29.Qh4 Kg8
30.h6 Be6 31.Qd4 f6 32.Rfe1 Bf7 33.Qxa7 Qg5 34.Rh3 Qd2 35.Rhe3 b5 36.Qe7  1-0

[Event "World Blitz"]
[Site "Moscow RUS"]
[Date "2007.11.22"]
[Round "38"]
[White "Dreev,A"]
[Black "Morozevich,A"]
[Result "1-0"]
[WhiteElo "2607"]
[BlackElo "2755"]

1.d4 d5 2.c4 c6 3.Nf3 Nf6 4.e3 a6 5.Bd3 Bg4 6.Nbd2 e6 7.Qc2 Nbd7 8.b3 Rc8
9.O-O c5 10.Bb2 Be7 11.Ne5 Bh5 12.Nxd7 Qxd7 13.dxc5 Rxc5 14.Rac1 dxc4 15.bxc4 Bg6
16.Bxg6 hxg6 17.Rfd1 Qc6 18.Nf3 Ra5 19.Bc3 Rah5 20.h3 Rxh3 21.gxh3 Qxf3 22.Qa4+ Kf8
23.Bb4 Rxh3 24.Rd8+  1-0

[Event "60th ch-RUS Superfinal"]
[Site "Moscow RUS"]
[Date "2007.12.23"]
[Round "5"]
[White "Morozevich,A"]
[Black "Sakaev,K"]
[Result "1-0"]
[WhiteElo "2755"]
[BlackElo "2634"]

1.d4 d5 2.c4 c6 3.Nc3 Nf6 4.cxd5 cxd5 5.Bf4 Nc6 6.e3 a6 7.Rc1 Bg4 8.f3 Bd7
9.g4 e6 10.h4 Be7 11.Bd3 O-O 12.Bb1 Qb6 13.Rh2 Rfc8 14.h5 Be8 15.Qd3 Nb4
16.Qd2 Nd7 17.Nh3 Nf8 18.Bg5 Qd8 19.Bxe7 Qxe7 20.f4 f6 21.Kf2 Qd6 22.Ng1 Rc7
23.Nf3 Rac8 24.h6 g6 25.a3 Nc6 26.e4 Qd8 27.Ba2 Ne7 28.e5 f5 29.Rg1 Rc6 30.Bb1 Kh8
31.Rhg2 fxg4 32.Rxg4 Bf7 33.Ne2 Nd7 34.Ng5 Bg8 35.R4g3 Nb6 36.b3 Qf8 37.a4 Nd7
38.a5 R6c7 39.Rf3 Nb8 40.b4 Nbc6 41.Rc1 Qxh6 42.Rh3 Qf8 43.f5 Nxf5 44.Nf4 Qe8
45.Bxf5 exf5 46.Rc5 Rd8 47.Qe3 h5 48.e6 Re7 49.Rxc6 bxc6 50.Qe5+ Rg7 51.Qf6 Rb8
52.e7 Bh7 53.Re3 Kg8 54.Qe6+ Kh8 55.Qf6 Kg8 56.Qe6+ Kh8 57.Qd6 Ra8 58.Qc7 Rg8
59.Nfe6  1-0

[Event "60th ch-RUS Superfinal"]
[Site "Moscow RUS"]
[Date "2007.12.24"]
[Round "6"]
[White "Timofeev,Arty"]
[Black "Morozevich,A"]
[Result "0-1"]
[WhiteElo "2637"]
[BlackElo "2755"]

1.e4 c5 2.Nf3 d6 3.Bc4 Nf6 4.d3 Nc6 5.c3 g6 6.O-O Bg7 7.h3 O-O 8.Bb3 e5 9.Be3 h6
10.Nbd2 Ne8 11.Nh2 Na5 12.Ba4 Bd7 13.Bxd7 Qxd7 14.Nc4 Nc6 15.a4 d5 16.exd5 Qxd5
17.Qb3 Rb8 18.a5 Nc7 19.Rfd1 Rfd8 20.Nd2 Qxb3 21.Nxb3 b6 22.axb6 axb6 23.Kf1 Rd7
24.Ke2 Rbd8 25.Nf3 f5 26.g3 Ne6 27.Ne1 f4 28.Bd2 e4 29.dxe4 c4 30.Nc1 fxg3
31.fxg3 Nc5 32.Nf3 Nxe4 33.g4 Re8 34.Kf1 Rf7 35.Kg2 Ref8 36.Rf1 Ne5  0-1

[Event "60th ch-RUS Superfinal"]
[Site "Moscow RUS"]
[Date "2007.12.27"]
[Round "8"]
[White "Svidler,P"]
[Black "Morozevich,A"]
[Result "0-1"]
[WhiteElo "2732"]
[BlackElo "2755"]

1.e4 c5 2.Nf3 d6 3.d4 cxd4 4.Nxd4 Nf6 5.Nc3 a6 6.Be3 e5 7.Nb3 Be6 8.f3 Nbd7
9.g4 Nb6 10.g5 Nh5 11.Qd2 Rc8 12.O-O-O Be7 13.Kb1 O-O 14.Rg1 g6 15.h4 Qc7
16.Rg2 f6 17.Qf2 Nc4 18.Bxc4 Bxc4 19.Bb6 Qd7 20.Nc5 Qc6 21.Nd3 Bxd3 22.cxd3 Nf4
23.Rg4 fxg5 24.hxg5 Bxg5 25.Rh1 Ne6 26.Qh2 Qd7 27.Qh3 Rf7 28.Be3 Rxc3 29.bxc3 Qb5+
30.Kc2 Nd4+ 31.Bxd4 exd4 32.c4 Qa4+ 33.Kb1 Qb4+ 34.Ka1 Qc3+ 35.Kb1 Qxd3+
36.Ka1 Qc3+ 37.Kb1 Qb4+ 38.Ka1 Bf6  0-1

[Event "60th ch-RUS Superfinal"]
[Site "Moscow RUS"]
[Date "2007.12.29"]
[Round "10"]
[White "Amonatov,F"]
[Black "Morozevich,A"]
[Result "1/2-1/2"]
[WhiteElo "2637"]
[BlackElo "2755"]

1.e4 c6 2.d4 d5 3.Nc3 dxe4 4.Nxe4 Nd7 5.Ng5 Ngf6 6.Bd3 e6 7.N1f3 Bd6 8.Qe2 h6
9.Ne4 Nxe4 10.Qxe4 Qc7 11.O-O b6 12.Qg4 Kf8 13.b3 Bb7 14.Bb2 Nf6 15.Qh4 Nd5
16.Ne5 g5 17.Qg3 Nf4 18.Rae1 Rd8 19.Bc1 Bxe5 20.dxe5 Nxd3 21.cxd3 f5 22.exf6 Qxg3
23.fxg3 Kf7 24.h4 gxh4 25.gxh4 c5 26.Rf4 Rhg8 27.Rf2 Rg4 28.h5 Rd5 29.Rxe6 Kxe6
30.f7 Rxg2+ 31.Kxg2 Rf5+ 32.Kg3 Rxf7 33.Rxf7 Kxf7 34.Bxh6  1/2-1/2

[Event "60th ch-RUS Superfinal"]
[Site "Moscow RUS"]
[Date "2007.12.30"]
[Round "11"]
[White "Morozevich,A"]
[Black "Inarkiev,E"]
[Result "1-0"]
[WhiteElo "2755"]
[BlackElo "2674"]

1.e4 e5 2.Nf3 Nc6 3.Bb5 a6 4.Ba4 Nf6 5.O-O b5 6.Bb3 Be7 7.a4 b4 8.d4 d6 9.dxe5 Nxe5
10.Nxe5 dxe5 11.Qxd8+ Bxd8 12.f3 Be7 13.Be3 Bd6 14.Nd2 a5 15.Rfc1 Ke7 16.c3 bxc3
17.Rxc3 Bd7 18.Bc4 Rhb8 19.b3 Rb4 20.Kf2 Rab8 21.Ke2 Rd8 22.Nb1 Nh5 23.g3 g6
24.Rd3 Ng7 25.Nc3 Bc6 26.Nd5+ Bxd5 27.Rxd5 Ra8 28.Bc5 Ne6 29.Bxb4 Bxb4 30.Rd3 Nd4+
31.Kf2 Bd6 32.h4 h6 33.Kg2 c5 34.Rf1 Rg8 35.f4 Rg7 36.Rc3 f6 37.Rf2 Kd8 38.Bd5 Rc7
39.Rc1 Ke8 40.Rcf1 Ke7 41.h5 gxh5 42.Rh1 Kd8 43.Rxh5 Rg7 44.Kh3 Rh7 45.Rh4 Ke7
46.Rg4 h5 47.Rg8 h4 48.f5 hxg3+ 49.Kxg3 Bc7 50.Rg2 c4 51.Bxc4 Rh1 52.Rg7+ Kd6
53.Rf7 Bd8 54.Kf2 Nc6 55.Rgg7 Rc1 56.Rd7+ Kc5 57.Rd5+ Kb4 58.Rb7+  1-0

[Event "GMA"]
[Site "Sarajevo BIH"]
[Date "2008.05.25"]
[Round "3"]
[White "Morozevich,A"]
[Black "Movsesian,S"]
[Result "1-0"]
[WhiteElo "2774"]
[BlackElo "2695"]

1.d4 d5 2.c4 c6 3.Nc3 Nf6 4.Nf3 a6 5.e3 b5 6.c5 Nbd7 7.Bd2 a5 8.Rc1 Ba6 9.a3 Qc7
10.b4 axb4 11.axb4 g6 12.Bd3 Bg7 13.O-O O-O 14.Ne2 Bb7 15.h3 Ra3 16.Bc3 Rfa8
17.Bb2 R3a6 18.Qb3 Ne8 19.Rfe1 e5 20.e4 dxe4 21.Bxe4 Ndf6 22.Ng3 exd4 23.Nxd4 Rd8
24.Bf3 Raa8 25.Ndf5 gxf5 26.Nxf5 Rd7 27.Nxg7 Kxg7 28.Qc3 Qf4 29.Re4 Qd2 30.Qe5 Ra2
31.Re2 Qh6 32.Rce1 Rxb2 33.Qxb2 Nc7 34.Bg4 Rd3 35.Re7 Nd5 36.Rxb7 Rd2 37.Qe5  1-0

[Event "TCh-BIH"]
[Site "Neum BIH"]
[Date "2008.06.04"]
[Round "1"]
[White "Morozevich,A"]
[Black "Solak,D"]
[Result "1-0"]
[WhiteElo "2774"]
[BlackElo "2630"]

1.d4 Nf6 2.c4 g6 3.Nc3 Bg7 4.e4 d6 5.Nf3 O-O 6.h3 a6 7.Bd3 c6 8.O-O b5 9.Re1 bxc4
10.Bxc4 d5 11.Bb3 dxe4 12.Nxe4 Nxe4 13.Rxe4 Nd7 14.Bg5 Nf6 15.Re1 h6 16.Bh4 e6
17.Qc2 Qb6 18.Rad1 Bd7 19.Ne5 Be8 20.Bg3 Kh7 21.Nc4 Qa7 22.Be5 Nd5 23.Nd6 Bd7
24.h4 f6 25.Bh2 f5 26.h5 Bxd4 27.hxg6+ Kxg6 28.Rd3 Kh7 29.Qd2 Bg7 30.Rh3 Rf6
31.Be5 Rg6 32.Nf7 Be8 33.Ng5+ Kg8 34.Bxg7 Qxg7 35.Nxe6 Rxg2+ 36.Kh1 Qg4 37.Qxh6 Bd7
38.Qh7+  1-0

[Event "TCh-BIH"]
[Site "Neum BIH"]
[Date "2008.06.05"]
[Round "2"]
[White "Ivanisevic,I"]
[Black "Morozevich,A"]
[Result "1/2-1/2"]
[WhiteElo "2649"]
[BlackElo "2774"]

1.d4 d5 2.c4 c6 3.Nf3 Nf6 4.Nc3 a6 5.h3 e6 6.e3 Nbd7 7.Qc2 Bd6 8.b3 e5 9.Bb2 e4
10.Nd2 Nf8 11.O-O-O Ne6 12.Be2 O-O 13.g4 Re8 14.Rdg1 Nc7 15.g5 Nd7 16.h4 f5
17.f3 Nf8 18.c5 Be7 19.f4 Be6 20.Bh5 Bf7 21.Bxf7+ Kxf7 22.Nf1 Qc8 23.Na4 Qe6
24.Bc3 Rab8 25.Ba5 Na8 26.Ng3 Kg8 27.Ne2 Nd7 28.Kd2 Rec8 29.Rc1 Qf7 30.h5 b6
31.cxb6 Naxb6 32.Nc5 Qe8 33.Ng3 Qf8 34.Bxb6 Nxb6 35.Qc3 Ra8 36.Qa5 Bd8 37.Ke2 Qf7
38.Qd2 h6 39.g6 Qf6 40.Kf2 a5 41.a4 Be7 42.Rc2 Ra7 43.Kg2 Rb8 44.Rhc1 Bd6
45.Qe2 Rba8 46.Qf1 Nc8 47.Qe2 Ne7 48.Kh3 Rb8 49.Rb1  1/2-1/2

[Event "Tal Memorial Blitz"]
[Site "Moscow RUS"]
[Date "2008.08.29"]
[Round "9"]
[White "Morozevich,A"]
[Black "Mamedyarov,S"]
[Result "1/2-1/2"]
[WhiteElo "2788"]
[BlackElo "2742"]

1.c4 g6 2.d4 Bg7 3.e4 d6 4.Nc3 Nf6 5.h3 O-O 6.Nf3 c5 7.d5 a6 8.a4 e6 9.Bd3 exd5
10.cxd5 Re8 11.O-O Nbd7 12.Re1 b6 13.Bf4 Qc7 14.Nd2 Ne5 15.Bf1 h6 16.Bh2 g5
17.Ra3 Bd7 18.Ne2 b5 19.axb5 axb5 20.Rxa8 Rxa8 21.Qc2 Qb6 22.Bxe5 dxe5 23.Ng3 Ne8
24.Rc1 Rc8 25.b3 Nd6 26.Be2 Qa5 27.Bg4 Bxg4 28.hxg4 c4 29.bxc4 bxc4 30.Ndf1 c3
31.Ne3 Bf8 32.Qb3 Nb5 33.Nc4 Qa6 34.Nxe5 Nd4 35.Qd1 Qa3 36.Ra1 c2 37.Qxd4 Qxa1+
38.Qxa1 c1=Q+ 39.Qxc1 Rxc1+ 40.Kh2 Bd6 41.Nc6 Re1 42.f3 f6 43.Nd4 Kh7 44.Nf5 Be5
45.Kh3 Kg6 46.Kh2 Kh7  1/2-1/2

[Event "ch-RUS"]
[Site "Moscow RUS"]
[Date "2008.10.04"]
[Round "2"]
[White "Morozevich,A"]
[Black "Svidler,P"]
[Result "0-1"]
[WhiteElo "2787"]
[BlackElo "2727"]

1.c4 e5 2.g3 Nf6 3.Bg2 d5 4.cxd5 Nxd5 5.Nc3 Nb6 6.Nf3 Nc6 7.O-O Be7 8.d3 O-O
9.a4 a5 10.Be3 Be6 11.Nd2 Nd5 12.Nxd5 Bxd5 13.Bxd5 Qxd5 14.Qb3 Nb4 15.Rfc1 Qd7
16.Ne4 b6 17.Bd2 c6 18.Bc3 Qc7 19.Qc4 Nd5 20.Nd2 Rfe8 21.Qe4 Bc5 22.Nf3 Bd6
23.Ng5 Nf6 24.Qf5 h6 25.Nf3 Re6 26.Rc2 Nd5 27.Rac1 Rae8 28.Bd2 Bb4 29.Bxb4 Nxb4
30.Rc4 c5 31.Nd2 Qd7 32.b3 Nc6 33.Qh5 Nd4 34.Re1 e4 35.dxe4 Re5 36.Qh4 Nf5
37.exf5 Qxd2 38.Rf1 Rxe2 39.Qg4 Qd3 40.f6 g6 41.Rcc1 Qxb3 42.Rb1 Qe6 43.Qf4 Re4
44.Qc7 Rb4 45.Rbd1 Qxf6 46.Rd6 Qe7 47.Rd7 Qe6 48.Rfd1 Re4 49.Kg2 Rxa4 50.R7d6 Qf5
51.R1d3 Ra1 52.Rd8 Re1 53.Rf3 Qe6 54.Rxe8+ Qxe8 55.Qxb6 a4 56.Qxc5 Qa8 57.Qc3 Rb1
58.Qc4 Rb7 59.Qd5 Ra7 60.Qxa8+ Rxa8 61.Ra3 f5 62.Kf3 Kf7 63.Ke3 Ke6 64.Kd4 g5
65.Re3+ Kd6 66.Ra3 g4 67.Kc4 Ke5 68.Re3+ Kf6 69.Ra3 h5 70.Kd4 Ra7 71.f4 h4
72.gxh4 Re7 73.Kd3 Re4 74.Rc3 Kg6 75.Rc8 Rxf4 76.Rg8+ Kf7 77.Ra8 Rf2 78.Ke3 Rxh2
79.Rxa4 Kg6 80.Ra8 Rxh4 81.Kf4 Rh3 82.Ra6+ Kh5 83.Kxf5 Rf3+ 84.Ke4 Kh4 85.Ra1 Kh3
86.Rg1 Ra3 87.Kf4 g3  0-1

[Event "ch-RUS"]
[Site "Moscow RUS"]
[Date "2008.10.11"]
[Round "8"]
[White "Tomashevsky,E"]
[Black "Morozevich,A"]
[Result "1-0"]
[WhiteElo "2646"]
[BlackElo "2787"]

1.d4 Nf6 2.c4 e6 3.Nc3 Bb4 4.e3 c5 5.Ne2 d6 6.g3 d5 7.a3 Bxc3+ 8.Nxc3 cxd4
9.exd4 dxc4 10.Bxc4 Nc6 11.Be3 O-O 12.O-O b6 13.Be2 Bb7 14.Bf3 h6 15.Bf4 Na5
16.Bxb7 Nxb7 17.Qf3 Na5 18.d5 Nxd5 19.Rad1 Qf6 20.Nxd5 exd5 21.b4 Nc4 22.Qxd5 Rac8
23.a4 Qb2 24.Qb5 Qb3 25.Rd7 a6 26.Qxa6 g5 27.Bc7 Ra8 28.Qb5 Qxa4 29.Qxa4 Rxa4
30.b5 Rc8 31.Re1 Rb4 32.Ree7 Rf8 33.Re4 Rb1+ 34.Kg2 Na5 35.Rd5 Rc8 36.Bxb6 Nc4
37.Bd4 Kh7 38.h4 Kg6 39.hxg5 hxg5 40.g4 Rb8  1-0

[Event "38th Olympiad"]
[Site "Dresden GER"]
[Date "2008.11.14"]
[Round "2"]
[White "Gajewski,G"]
[Black "Morozevich,A"]
[Result "1/2-1/2"]
[WhiteElo "2577"]
[BlackElo "2787"]

1.d4 Nf6 2.c4 e6 3.Nf3 d5 4.Nc3 Bb4 5.cxd5 exd5 6.Bg5 h6 7.Bxf6 Qxf6 8.Qb3 c5
9.e3 O-O 10.a3 Bxc3+ 11.Qxc3 b6 12.Be2 Nc6 13.Bb5 Ne7 14.dxc5 Qxc3+ 15.bxc3 bxc5
16.Ke2 Be6 17.Rhb1 Rfb8 18.a4 f6 19.Bd3 Kf7 20.Kd2 Nc8 21.Rb5 Rxb5 22.axb5 Rb8
23.Nh4 Rb7 24.Ra6 Bd7 25.Nf5 Rb6 26.Ra5 h5 27.Nh4 g5 28.Nf5 Kf8 29.h4 c4
30.Bc2 Rxb5 31.Ra1 Bxf5 32.Bxf5 Nd6 33.Bc2 a5 34.hxg5 fxg5 35.Rh1 h4 36.f4 a4
37.fxg5 a3 38.Rxh4 Ra5 39.Rh1 a2 40.Ra1 Ra3 41.g4 Nb5 42.Kc1 Nxc3 43.Kb2 Nb5
44.Rxa2 Rxe3 45.Ra8+ Kg7 46.g6 Rg3 47.Ra5 c3+ 48.Kc1 Nd4 49.Rxd5 Rxg4 50.Bd1 Rh4
51.Rh5 Rf4 52.Rc5 Rf1 53.Rc4 c2 54.Rxd4 cxd1=R+ 55.Rxd1 Rxd1+ 56.Kxd1 Kxg6  1/2-1/2

[Event "38th Olympiad"]
[Site "Dresden GER"]
[Date "2008.11.15"]
[Round "3"]
[White "Morozevich,A"]
[Black "Quezada Perez,Y"]
[Result "1-0"]
[WhiteElo "2787"]
[BlackElo "2580"]

1.d4 Nf6 2.c4 e6 3.Nc3 Bb4 4.Qc2 d6 5.Bg5 Nbd7 6.e3 c5 7.Nf3 b6 8.d5 Bb7
9.O-O-O Bxc3 10.Qxc3 e5 11.Qc2 h6 12.Bh4 Qe7 13.Nd2 g5 14.Bg3 O-O-O 15.Be2 h5
16.h4 g4 17.Nb1 Kb8 18.Nc3 Rhg8 19.Rhg1 Rg7 20.a3 Rf8 21.b4 Rc8 22.Kb2 Ne8
23.b5 Rg8 24.a4 Ng7 25.f4 e4 26.f5 Nxf5 27.Bf4 Nxh4 28.Nxe4 Ne5 29.a5 Rce8
30.Qc3 Nhg6 31.Rge1 f5 32.Ng3 Qf7 33.Nxh5 Nh4 34.Rh1 Nxg2 35.Bf1 Nxf4 36.exf4 Ng6
37.Nf6 Rgf8 38.Nxe8 Rxe8 39.Rd2 Nxf4 40.Rdh2 g3 41.Rh7 Nxd5 42.cxd5 Qxd5
43.Rh8 Rxh8 44.Rxh8+ Bc8 45.Bc4  1-0

[Event "38th Olympiad"]
[Site "Dresden GER"]
[Date "2008.11.16"]
[Round "4"]
[White "Sandipan,C"]
[Black "Morozevich,A"]
[Result "0-1"]
[WhiteElo "2579"]
[BlackElo "2787"]

1.d4 Nf6 2.Nf3 d5 3.c4 e6 4.Bg5 Bb4+ 5.Nbd2 dxc4 6.Qc2 b5 7.a4 c6 8.e4 h6
9.Bxf6 Qxf6 10.Be2 O-O 11.O-O Nd7 12.b3 c3 13.e5 Qe7 14.Ne4 bxa4 15.Rxa4 a5
16.Nxc3 Bb7 17.Ne4 c5 18.Nd6 Bd5 19.dxc5 Bxc5 20.Nc4 Bb4 21.Ne3 Bxf3 22.Bxf3 Rac8
23.Qb2 Rc3 24.Nd1 Rd3 25.Qe2 Nc5 26.Ra2 Rfd8 27.Ne3 Nxb3 28.Nd5 R3xd5 29.Bxd5 exd5
30.f4 d4 31.f5 d3 32.Qd1 Nc5 33.e6 d2 34.Rc2 Ne4  0-1

[Event "38th Olympiad"]
[Site "Dresden GER"]
[Date "2008.11.17"]
[Round "5"]
[White "Gustafsson,J"]
[Black "Morozevich,A"]
[Result "1/2-1/2"]
[WhiteElo "2634"]
[BlackElo "2787"]

1.d4 Nf6 2.c4 g6 3.Nc3 d5 4.Nf3 Bg7 5.cxd5 Nxd5 6.e4 Nxc3 7.bxc3 c5 8.Bb5+ Nc6
9.O-O O-O 10.d5 Qa5 11.Rb1 a6 12.Ba4 Ne5 13.Nxe5 Bxe5 14.c4 Qc7 15.f4 Bd4+
16.Kh1 b5 17.cxb5 axb5 18.Bxb5 Rxa2 19.Bc4 Ra8 20.Bb2 Bxb2 21.Rxb2 Ba6 22.Qe2 Bxc4
23.Qxc4 Rab8 24.Rc2 Rfc8 25.g3 Rb4 26.Qd3 c4 27.Qd4 Qb7 28.Rfc1 c3 29.Qd3 Rcc4
30.Rxc3 Rxe4 31.Rc7 Qb6 32.Qc3 Qd4 33.Qxd4 Rbxd4 34.R7c5 Re2 35.R5c2 Rxc2
36.Rxc2 Rxd5 37.h4 f6 38.Kg2 h5 39.Ra2 Kf7 40.Ra6 Rd6 41.Ra7 Ke6 42.Kf2 Rc6
43.Ra5 Kd6 44.Rb5 e5 45.fxe5+ fxe5 46.Rb4 Kd5 47.Ra4 e4 48.Ra8 Ke5 49.Re8+ Kf5
50.Kg2 Re6 51.Rf8+ Ke5 52.Ra8 Rd6 53.Ra2 Rd3 54.Kf2 Rf3+ 55.Kg2 Rc3 56.Kf2 Kd4
57.Rd2+ Rd3 58.Re2 Rf3+ 59.Kg2 Ra3 60.Kf2 Rf3+ 61.Kg2 Re3 62.Ra2 Rd3 63.Kf2 e3+
64.Kf3 e2+ 65.Kxe2 Rxg3 66.Kf2 Rg4 67.Kf3 Ke5 68.Rh2 Ra4 69.Rh1 Ra3+ 70.Ke2 Ke4
71.Rb1 Rg3 72.Kf2 Rg4 73.Rh1 Kf4 74.Rh3 Kf5 75.Rf3+ Ke5 76.Re3+ Kf6 77.Rf3+ Kg7
78.Rh3 Rb4 79.Rh1 Kf6 80.Kg3 Rb3+ 81.Kf4 Ra3 82.Rh2 Ra4+ 83.Kg3 Rg4+ 84.Kh3 Kf5
85.Ra2 Re4 86.Ra5+ Re5 87.Ra3 Kf4 88.Ra6 Re3+ 89.Kh2 Kf5 90.Ra5+ Re5 91.Ra4 Re4
92.Ra5+ Kg4 93.Rg5+ Kxh4 94.Rxg6 Re2+ 95.Rg2 Rxg2+ 96.Kxg2 Kg4 97.Kh2 h4
98.Kg2 h3+ 99.Kh2 Kh4 100.Kg1 Kg3 101.Kh1 h2  1/2-1/2

[Event "38th Olympiad"]
[Site "Dresden GER"]
[Date "2008.11.23"]
[Round "10"]
[White "Lenic,L"]
[Black "Morozevich,A"]
[Result "0-1"]
[WhiteElo "2569"]
[BlackElo "2787"]

1.d4 Nf6 2.c4 e6 3.Nf3 b6 4.a3 Bb7 5.Nc3 d5 6.cxd5 Nxd5 7.Qc2 Nxc3 8.bxc3 Be7
9.e4 O-O 10.Bd3 c5 11.O-O Qc7 12.Qe2 Nc6 13.Bb2 Rad8 14.Rad1 g6 15.Qe3 Rfe8
16.h4 e5 17.d5 Na5 18.Bb5 Rf8 19.Qh6 f6 20.Bd3 c4 21.Bc2 Bc8 22.Rde1 Bc5
23.Kh1 Rf7 24.a4 Qd7 25.Qc1 Qg4 26.Ba3 Bxa3 27.Qxa3 Qh5 28.Kg1 Bg4 29.Re3 Bxf3
30.Rxf3 Qxh4 31.Rd1 Qh6 32.Qb4 Qf8 33.Qb5 Kg7 34.Rg3 Rc7 35.Rb1 Nb7 36.Re3 Qc5
37.Ree1 Qxb5 38.Rxb5 Nd6 39.Rb2 h5 40.f3 h4 41.Kf2 Rh8 42.Ra1 f5 43.a5 b5
44.a6 f4 45.Ra5 Rb8 46.Kg1 Rb6 47.Kh2 Kf6 48.Rb4 Rc8 49.Kh3 Rcb8 50.Bd1 g5
51.Be2 g4+ 52.Kxg4 h3  0-1

[Event "GM"]
[Site "Biel SUI"]
[Date "2009.07.21"]
[Round "3"]
[White "Vachier Lagrave,M"]
[Black "Morozevich,A"]
[Result "1/2-1/2"]
[WhiteElo "2703"]
[BlackElo "2751"]

1.e4 c5 2.Nf3 d6 3.d4 cxd4 4.Nxd4 Nf6 5.Nc3 a6 6.Be3 e5 7.Nf3 Nc6 8.Bc4 Be6
9.Nd5 Rc8 10.Nxf6+ Qxf6 11.Bxe6 Qxe6 12.O-O Be7 13.Nd2 d5 14.exd5 Qxd5 15.Qg4 O-O
16.Bh6 Bf6 17.Ne4 Qe6 18.Qxe6 fxe6 19.Be3 Nb4 20.c3 Nd5 21.Rfe1 Rc6 22.a4 Rfc8
23.g3 Be7 24.Kg2 Nf6 25.Ng5 Rd8 26.Nf3 Rd5 27.Rac1 e4 28.Nd4 Rcd6 29.h3 Kf7
30.Nb3 Rc6 31.Nd2 h6 32.Re2 b5 33.axb5 axb5 34.Nb3 e5 35.Ra1 b4 36.cxb4 Bxb4
37.Ra7+ Rd7 38.Rxd7+ Nxd7 39.Nc1 Nf6 40.Na2 Bd6 41.Nc3  1/2-1/2

[Event "GM"]
[Site "Biel SUI"]
[Date "2009.07.23"]
[Round "4"]
[White "Caruana,F"]
[Black "Morozevich,A"]
[Result "1-0"]
[WhiteElo "2670"]
[BlackElo "2751"]

1.d4 Nf6 2.c4 g6 3.Nc3 d5 4.cxd5 Nxd5 5.e4 Nxc3 6.bxc3 Bg7 7.Bc4 c5 8.Ne2 O-O
9.O-O Nc6 10.Be3 Qc7 11.Rc1 Rd8 12.Bf4 Be5 13.Bg3 Bxg3 14.fxg3 Rf8 15.h3 Na5
16.Bd3 e5 17.Qd2 Qe7 18.g4 Bd7 19.d5 c4 20.Bc2 f6 21.Ng3 b6 22.Bd1 Nb7 23.Be2 Nd6
24.Rf2 Rac8 25.Rcf1 Kg7 26.Qe3 h6 27.Rb1 Rc5 28.Bd1 Ra5 29.Qd2 Be8 30.Be2 Qc7
31.Rbf1 Rf7 32.h4 Qe7 33.Qc2 b5 34.Qb1 Qd8 35.Bd1 Qb6 36.Kh2 Qc5 37.Qc1 Ra6
38.Qd2 Rb6 39.Bc2 Rbb7 40.Qc1 a5 41.a3 Rb8 42.Bd1 Bd7 43.Be2 Rh8 44.Qa1 h5
45.gxh5 f5 46.exf5 gxf5 47.Qb1 Qe3 48.Bg4 Qd3 49.Qe1 Re8 50.Rf3 Qxd5 51.Bxf5 e4
52.Bxe4 Qe5 53.h6+ Kf8 54.Rxf7+ Nxf7 55.Qf2 Re7 56.Bg6 Be8 57.Qf6 Qxf6 58.Rxf6 Kg8
59.Nf5  1-0

[Event "GM"]
[Site "Biel SUI"]
[Date "2009.07.27"]
[Round "7"]
[White "Gelfand,B"]
[Black "Morozevich,A"]
[Result "0-1"]
[WhiteElo "2755"]
[BlackElo "2751"]

1.d4 Nf6 2.c4 e6 3.Nf3 d5 4.g3 dxc4 5.Bg2 a6 6.Ne5 Bb4+ 7.Nc3 Nd5 8.O-O O-O
9.Qc2 b5 10.Be4 Bb7 11.Nxd5 Bxd5 12.Bxh7+ Kh8 13.Be4 Qe8 14.Bg2 Bxg2 15.Kxg2 Nd7
16.Nf3 e5 17.b3 exd4 18.Nxd4 Qe5 19.Nf3 Qc3 20.Qb1 Qf6 21.Rd1 Ne5 22.Rd5 Ng6
23.a3 Bc3 24.Ra2 Qc6 25.Rh5+ Kg8 26.Rc2 Bf6 27.bxc4 bxc4 28.Bg5 Rab8 29.Qc1 Rb5
30.Rxc4 Qe6 31.a4 Rd5 32.e4 Ra5 33.e5 Bxe5 34.Bd2 Bb2 35.Rxa5 Bxc1 36.Rxc1 Qe4
37.Be3 Nh4+ 38.gxh4 Qg4+ 39.Kf1 Qxf3 40.Rac5 Re8 41.Kg1 Re4 42.Rg5 Rxh4 43.Rg3 Qh5
44.Rxc7 Rxh2 45.Bd4 Rh1+ 46.Kg2 Qh2+ 47.Kf3 Rg1 48.Rxg1 Qxg1  0-1